The woman who watches over the world : a native memoir /
Uložené v:
| Hlavný autor: | |
|---|---|
| Médium: | Kniha |
| Jazyk: | English |
| Vydané: |
New York ; London :
W.W. Norton & Company,
c2001
|
| Vydanie: | 1st ed. |
| Témy: | |
| ISBN: |
0393050181 (viaz.) |
| Fyzický popis: |
207 s. ; 21 cm |
| Tagy: |
Pridať tag
Žiadne tagy, Buďte prvý kto otaguje tento záznam!
|
Titul je dostupný aj v ... 

MARC
| LEADER | 00000nam a2200000 a 4500 | ||
|---|---|---|---|
| 001 | 000000055 | ||
| 005 | 20040316122610.0 | ||
| 008 | 040217s2001 xxu j engo | ||
| 020 | |a 0393050181 (viaz.) | ||
| 040 | |a SVKKK |b slo |c SVKKK |e AACR2 | ||
| 041 | 0 | |a eng | |
| 044 | |a xxu |c US | ||
| 072 | 7 | |a 929 |x Biografie |2 konspekt | |
| 080 | |a 821.111(73)-051 |2 1997 | ||
| 080 | |a 929 |2 1997 | ||
| 080 | |a (73) |2 1997 | ||
| 080 | |a (0:82-94) |2 1997 | ||
| 100 | 1 | |a Hogan, Linda |4 aut | |
| 245 | 1 | 0 | |a The woman who watches over the world : |b a native memoir / |c Linda Hogan |
| 250 | |a 1st ed. | ||
| 260 | |a New York ; |a London : |b W.W. Norton & Company, |c c2001 | ||
| 300 | |a 207 s. ; |c 21 cm | ||
| 600 | 1 | 7 | |a Hogan, Linda |2 SVKKKMA |
| 650 | 0 | 7 | |a americkí spisovatelia |2 SVKKKPH |
| 655 | 7 | |a biografie |2 SVKKKPH | |
| 655 | 7 | |a autobiografické spomienky |2 SVKKKPH | |
| 919 | |a 0-393-05018-1 | ||
| 998 | |a BK | ||
| 090 | |g SCKUS |k Americké centrum |a III.196173 |j 959476 |i 2720020427 |s Voľný výber | ||